000 00832nas a2200265 4500
001 BR6007873
003 BR-BrBNA
005 20231205082035.0
007 ta
008 230509b bl.|||p| |||| 00| 00por d
040 _aBR-BrBNA
_bpor
_cBiblioteca Nacional de Agricultura
041 _a(Pt)
072 _aL10
100 1 _aGiannoni, M.A.
100 1 _aFerrari, I.
245 1 _aInversao, fusao Robertsoniana e a provavel formacao do par cromossomico numero 2 da especie Tayassu tajacu [Porco do mato; Suino; Sus scrofa]
650 _aGENETICA ANIMAL
650 _aSUÍNO
650 _aPORCO SELVAGEM
650 _aGENE
650 _aCROMOSSOMA
773 0 _tCiencia e Cultura (Brazil)
_xISSN 0009-6725
_g(Oct 1976), v. 28(10) p. 1164-1169
_wBR6007873
909 _a202311
_bLúcia
_c55
_dLúcia Elande
942 _2AGRIS
_n0
_cANA
999 _c88762
_d88762